Central Library OPAC University of Rajshahi

Psychologist at large : (Record no. 66390)

MARC details
000 -LEADER
fixed length control field 00847nam a2200253 a 4500
001 - CONTROL NUMBER
control field 66390
003 - CONTROL NUMBER IDENTIFIER
rucl marc code BD-RjUL
005 - DATE AND TIME OF LATEST TRANSACTION
control field 20211209081534.0
008 - FIXED-LENGTH DATA ELEMENTS--GENERAL INFORMATION
fixed length control field 1703 s1961 nyua b 001 0ceng d
035 ## - SYSTEM CONTROL NUMBER
System control number (BD-RjUL)66520
040 ## - CATALOGING SOURCE
Original cataloging agency DLC
Transcribing agency CSU
Modifying agency OCL
-- SER
-- OCL
-- CHS
-- BD-RjUL
Language of cataloging eng
041 ## - LANGUAGE CODE
Language code of text/sound track or separate title eng
082 ## - DEWEY DECIMAL CLASSIFICATION NUMBER
Classification number 150.81
Edition number 23
Author mark and year BOP 1961
100 1# - MAIN ENTRY--PERSONAL NAME
Personal name Boring, Edwin Garrigues,
9 (RLIN) 196472
245 10 - TITLE STATEMENT
Title Psychologist at large :
Remainder of title an autobiography and selected essays /
Statement of responsibility, etc. Edwin G. Boring
260 ## - PUBLICATION, DISTRIBUTION, ETC. (IMPRINT)
Place of publication, distribution, etc. New York :
Name of publisher, distributor, etc. Basic Books,
Date of publication, distribution, etc. c1961.
300 ## - PHYSICAL DESCRIPTION
Pagination 371 p. ;
Illustrations ill. :
Size 22 cm.
504 ## - BIBLIOGRAPHY, ETC. NOTE
Bibliography, etc Includes bibliography & Index
650 #0 - SUBJECT ADDED ENTRY--TOPICAL TERM
Topical term or geographic name as entry element Psychologists, American
General subdivision Correspondence, reminiscences, etc.
9 (RLIN) 196473
Topical term or geographic name as entry element Psychology
9 (RLIN) 179512
Topical term or geographic name as entry element Psychology
General subdivision biography
9 (RLIN) 196474
830 #0 - SERIES ADDED ENTRY--UNIFORM TITLE
Uniform title Contemporary men of science
942 ## - ADDED ENTRY ELEMENTS (KOHA)
Source of classification or shelving scheme Dewey Decimal Classification
Koha item type Books
Holdings
Lost status Source of classification or shelving scheme Damaged status Not for loan Collection code Permanent Location Current Location Shelving location Date acquired Source of acquisition Cost, normal purchase price Total Checkouts Full call number Date last seen Copy number Koha item type
  Dewey Decimal Classification   Not For Loan Non-fiction Central Library, University of Rajshahi Central Library, University of Rajshahi Reading Room 15/04/1964 Zeitlinger 52.00   150.81 BOP 1961 15/03/2017 C-1 Books